Cities in Pakistan with Over 1 Million People - Statistics

General Stats
  • This quiz has been taken 38 times
  • The average score is 5 of 8
Answer Stats
Population City % Correct
11,624,219 Karachi
100%
6,310,888 Lahore
86%
2,506,595 Faisalabad
69%
1,743,101 Rawalpindi
62%
1,386,330 Hyderabad
59%
1,437,230 Multan
55%
1,218,773 Peshawar
48%
1,384,471 Gujranwala
34%
No matching quizzes found
Score Distribution
Percent of People with Each Score
Percentile by Number Answered
Your Score History
You have not taken this quiz